000 00461nam a2200181Ia 4500
001 19320
005 20260306172644.0
008 260306t2008||||xx |||||||||||||| ||spa||
041 _aESP
082 _a658.834
_bB75
100 _aBoschma, Jeroen
_eAUT
245 0 _aGeneración Einstein:
_bmás listos, más rápidos y más sociables
260 _c2008
300 _a320 páginas :
_c21 cm.
650 _aGEN
654 _aCAN
942 _cLIB
_dJUS
_fJUS
_2ddc
_n
999 _c19320
_d19320